| 000 | 00485nam a2200169Ia 4500 | ||
|---|---|---|---|
| 008 | 230917s9999||||xx |||||||||||||| ||und|| | ||
| 020 | _cRS1795 | ||
| 040 |
_e249237 _aMAIN |
||
| 041 | _aEnglish | ||
| 082 | _a301.4 C82I | ||
| 100 | _aCoser, Lewis A, ed. | ||
| 245 | 0 | _aIdea of social structure: Papers in honour of Robert K Merton | |
| 260 |
_aJaipur _bRawat Publications _c2018 |
||
| 300 | _aix, 547 p. | ||
| 500 | _a3221 02/08/2018 RK18/1037 02/08/2018 Main Budget | ||
| 942 | _cBK | ||
| 999 |
_c27720 _d27720 |
||